| 000 | 00571nam a2200205Ia 4500 | ||
|---|---|---|---|
| 005 | 20190319145948.0 | ||
| 008 | 131103s9999 xx 000 0 und d | ||
| 020 |
_a9788184873993 _cRs.650.00 |
||
| 040 | _aLoreto College | ||
| 041 | _aEnglish | ||
| 082 |
_a515.4 _bGOR |
||
| 100 | _aGorain, Ganesh C. | ||
| 245 |
_aIntroductory course on differential equations _cGanesh C. Gorain |
||
| 260 |
_aNew Delhi _bNarosa Publishing _c©2014 |
||
| 300 | _axxiv,574 p. | ||
| 504 | _aIncludes index | ||
| 650 | _aDifferential equations | ||
| 850 | _aLCLIB | ||
| 942 | _cBK | ||
| 999 |
_c42024 _d92503 |
||